| 000 | 01881cam a2200409 i 4500 | ||
|---|---|---|---|
| 999 |
_c7759 _d7759 |
||
| 001 | 18934643 | ||
| 003 | GZU | ||
| 005 | 20210512114109.0 | ||
| 008 | 160113s2015 rh a b 000 0 eng | ||
| 010 | _a 2015334018 | ||
| 020 | _a9781779222633 | ||
| 040 |
_aDLC _beng _cDLC _erda |
||
| 042 |
_alcode _apcc |
||
| 043 |
_afs----- _afe----- |
||
| 050 | 0 | 0 |
_aKQC653 _b.W38 2015 |
| 245 | 0 | 0 |
_aWater is life : _bwomen's human rights in national and local water governance in southern and eastern Africa / _cedited by Anne Hellum, Patricia Kameri-Mbote, and Barbara van Koppen. |
| 264 | 1 |
_aHarare : _bWeaver Press in association with The Southern & Eastern African Regional Centre for Women's Law (SEARCWL) at the University of Zimbabwe ; _aOslo : _bInstitute of Women's Law, Child Law and Discrimination Law, Department of Public and International Law at the University of Oslo, _c2015. |
|
| 300 |
_axviii, 620 pages : _billustrations ; _c24 cm |
||
| 336 |
_atext _2rdacontent |
||
| 337 |
_aunmediated _2rdamedia |
||
| 338 |
_avolume _2rdacarrier |
||
| 500 | _aIncludes bibliographical references. | ||
| 504 | _aIncludes bibliographical references. | ||
| 650 | 0 |
_aWater resources development _xLaw and legislation _zAfrica, Southern. |
|
| 650 | 0 |
_aWomen's rights _zAfrica, Southern. |
|
| 650 | 0 |
_aWater resources development _xLaw and legislation _zAfrica, Eastern. |
|
| 650 | 0 |
_aWomen's rights _zAfrica, Eastern. |
|
| 650 | 0 | _aWater rights. | |
| 700 | 1 |
_aHellum, Anne, _eeditor. |
|
| 700 | 1 |
_aKameri-Mbote, Patricia, _eeditor. |
|
| 700 | 1 |
_aKoppen, B. C. P. van _q(Barbara C. P.), _eeditor. |
|
| 710 | 2 |
_aUniversity of Zimbabwe. _bSouthern and Eastern African Regional Centre for Women's Law. |
|
| 710 | 2 | _aUniversitetet i Oslo. | |
| 906 |
_a7 _bcbc _corigode _d2 _encip _f20 _gy-gencatlg |
||
| 942 |
_2lcc _cBK _h3720 _iHEL _kKF |
||